000 00642nam a22002417a 4500
003 UA-OsUOA
001 34960
007 ta
008 20051102b un ||||| |||| 00| 0 ukr d
100 _aНабоков В. Н.
090 _a82-94
_bН-14
942 _cBK
040 _aUA-OsUOA
_brus
_cUA-OsUOA
_dUA-OsUOA
245 _aВременное правительство
_bВоспоминания
300 _a79 с.
955 _a2
041 _arus
080 _a82-94
020 _a5-211-01993-8
260 _aМ.
_bМир
_c1991
650 7 _a82 Література. Літературознавство
_2UDC
999 _c321372
_d321372